| 000 | 00370nam a22001217a 4500 | ||
|---|---|---|---|
| 082 | _a220 PRO | ||
| 100 |
_aMUJAHIDA MUNAZZA NOREEN FAIZAN ASIF SUFYAN AFZAL _971676 |
||
| 245 | _aPR-SOF-1655-NUST GUIDELING BOT SYSTEM TYSON THE BOT | ||
| 260 |
_aISLAMABAD _bNUST COLLEGE OF EME _c2017 |
||
| 650 | _aDE-COMP-35 | ||
| 700 |
_aSUPERVISOR DR ALI HASSAN _969910 |
||
| 942 | _cCR | ||
| 999 |
_c578067 _d578067 |
||